Quizzes
Events
Quiz Creation
Community
Videos
Private Events
Remove Ads
Sign In
Join for FREE
Feedback
Dark Mode
Quiz Categories
Sports
Geography
Music
Movies
Television
Just For Fun
Miscellaneous
History
Literature
Language
Science
Gaming
Entertainment
Religion
Holiday
For Kids
Quiz Lab
Recent
Popular Today
Quiz Kudos Today
Editor Picks
Curator Picks
Quizzes by...
Day
Popularity
Type
Ratings
Length
Year
Community
Subscriptions
Recent Discussions
Orange Saloon
Badges
Playlists
Quests
Create
Leaderboards
Showdown
Live 5
Trivia Bingo
Activity
Puzzle Library
Sporcle Events
Private Events
Virtual Trivia
Globe League
Become a Host
Pub Owners
SporcleCon
Opinionation
Our Games
Videos
Blog
Mobile Apps
Partnerships
Remove Ads and Go Orange
Feedback
Sports
Athletes
MLB
NBA
NHL
NFL
Soccer
Sports Teams
WWE
NCAA
Football
Premier League
Basketball
Baseball
Hockey
Golf
Tennis
Cricket
Rugby
Auto Racing
Olympics
World Cup
Sports
Athletes
MLB
NBA
NHL
NFL
Soccer
Sports Teams
WWE
NCAA
Football
Premier League
Basketball
Baseball
Hockey
Golf
Tennis
Cricket
Rugby
Auto Racing
Olympics
World Cup
Random Quiz
Search Sporcle
×
Quiz Lab
Quiz Lab
Sports
Football
Type in answers that appear in a list
Type in answers that appear in a list
Classic
Best Score? Go Orange.
1984 NL All Star Roster Stats
Can you name the 1984 NL All Star Roster?
By
MrX
10m
30 Questions
395 Plays
395 Plays
395 Plays
Comments
Comments
Give Quiz Kudos
Give Quiz Kudos
-
- Ratings
hide this ad
Replay
Link that replays current quiz
Next Quiz
Link to next quiz in quiz playlist
You Got
0%
They Got
Avg Score
61%
Avg Friend Score
Upgrade to see
Score Distribution
Jump to the score distribution portion of the page
Score
0/30
Timer
10:00
0
Plays Today
Position
Player
% Correct
C
Gary Carter
98.2%
SS
Ozzie Smith
98%
3B
Mike Schmidt
98%
2B
Ryne Sandberg
94.9%
OF
Tony Gwynn
92.9%
OF
Darryl Strawberry
91.6%
OF
Dale Murphy
91.1%
1B
Keith Hernandez
90.9%
P
Dwight Gooden
87.3%
OF
Tim Raines
80%
C
Jody Davis
77.5%
OF
Chili Davis
77.2%
3B
Tim Wallach
76.7%
1B
Steve Garvey
76.5%
P
Fernando Valenzuela
66.8%
Position
Player
% Correct
C
Tony Pena
57.7%
2B
Juan Samuel
56.7%
P
Joaquin Andujar
52.4%
P
Bruce Sutter
52.2%
P
Jesse Orosco
48.9%
P
Mario Soto
48.9%
C
Bob Brenly
39.5%
SS
Rafael Ramirez
39.2%
P
Rich Gossage
33.2%
OF
Mike Marshall
31.6%
P
Charlie Lea
27.1%
OF
Claudell Washington
23.8%
MGR
Paul Owens
19%
P
Al Holland
13.7%
OF
Jerry Mumphrey
8.1%
Quiz Playlist
Details
Report
Send in Message
Add To Playlist
Classic:
Type in answers that appear in a list
Last Updated: Feb 16, 2017
Quiz Scoreboard
CHALLENGE
Sign Up to Join the Scoreboard
Show All
Scores
Hide
Comments
May contain spoilers
Recently Published
1-10 Letter E Words III
by El_Dandy
Language
2m
One Thing in Common: World Cities II
by knightlancer
Geography
7m
Popular People in 1961
by mucciniale
History
6m
More to Explore
Quiz From the Vault
Featured Blog Post
Where Did the Easter Bunny Come From?
hide this ad
You Might Also Like...
Tags
Football Quiz
1984
All-Star
Player
Roster
star
team
Today's Top Quizzes in Sports
Browse Sports
hide this ad
Today's Top Quizzes in Football
Browse Football
Top Contributed Quizzes in Sports
1
2022 World Cup Stars
2
Les entraîneurs de l'OM et du PSG au 21e siècle
3
FIFA Club World Cup Champions
4
Criteria MLB: Left Handed Sluggers
5
Les meilleurs buteurs des matchs entre le PSG et l’OM
6
Name the Premier League winners with different clubs
7
Players with Multiple 50 Home Run Seasons
8
MLB Players with Two .350 Batting Average Seasons
9
La finale Lions - Afrique du Sud 2021
10
MLB Hall of Famer by Rings
Explore More
Trending Topics
Marvel
Harry Potter
Disney
Kpop
Anime
Crossword
NBA
Soccer
Song
WWE
Puzzle
The Office
Country
NFL
Pokémon
hide this ad
More By:
MrX
Quiz
Plays
Rating
Category
Featured
Created
1983 MLB AL All-Star Roster
586
5.00
Sports
Feb 3, 2010
1984 NL All Star Roster
395
4.56
Sports
Feb 10, 2010
1983 MLB NL All-Star Game Roster
353
5.00
Sports
Feb 3, 2010
1984 AL All-Star Game Roster
228
5.00
Sports
Feb 10, 2010
Most Recent QBs Drafted By College
219
3.80
Sports
Jan 27, 2011
Go to Creator's Profile
Score Distribution
Quiz Creator Spotlight
MrX
Follow
Send a Message
Quizzes Created
-
Created Quiz Play Count
-
More By This Creator
Popular Quizzes Today
1
Find the US States - No Outlines Minefield
2
The Countries of the World
3
Popular People in 1961
4
Find the Countries of Europe - No Outlines Minefield
5
1-10 Letter E Words III
6
Find the US States
7
One Thing in Common: World Cities II
8
US States
More Sports Quizzes
Premier League Teams 2021/22
Curator's Pick
Trending Quizzes
1-10 Letter F Words
1-10 Letter G Words
Risky Map Clicking: Next State Alphabetically
1-10 Letter F Words II
Risky Map Clicking: States by Unique Starting Letters
Recently Updated
Leaping Animals
pecheneg
Reality TV Shows (A-Z)
bhenderson79
Rickey Henderson's Hall of Fame Teammates
pecheneg
Champions League XIs: Arsenal
pecheneg
Quick Pick: Celebrities in WWE's Hall of Fame
aduchscher
A-Z Keypad Blitz II
pecheneg
Multiple Oscar Actors
pecheneg
Mystery Phrase Blitz: Oscar 'Best Actors'
pecheneg
F. Scott Fitzgerald Novels
LTH
Pick 3 Villains
ddd62291
Trending Topics
Disney
Crossword
NBA
Marvel
Harry Potter
Kpop
Anime
NFL
WWE
Pokémon
The Office
Soccer
Puzzle
Song
Country
Your Account Isn't Verified!
In order to create a playlist on Sporcle, you need to verify the email address you used during registration. Go to your
Sporcle Settings
to finish the process.
Report this User
Report this user for behavior that violates our
Community Guidelines
.
Details:
Send Report
Go to the Sporcle.com Mobile Site →
Comments